[Event "CUB-ch"]
[Site "Cuba"]
[Date "1995.??.??"]
[Round "12"]
[White "Alvarez, Jose"]
[Black "Hernandez Onna, Roman"]
[Result "1/2-1/2"]
[WhiteElo "2345"]
[BlackElo "2435"]
[PlyCount "22"]
[EventDate "1995.??.??"]
[EventType "tourn"]
[EventRounds "13"]
[EventCountry "CUB"]
[SourceTitle "CBM 046 ext"]
[Source "ChessBase"]
[SourceDate "1995.07.01"]
[SourceVersion "1"]
[SourceVersionDate "1995.07.01"]
[SourceQuality "1"]

1. Nf3 c5 2. c4 g6 3. g3 Bg7 4. Bg2 Nc6 5. O-O Nf6 6. Nc3 O-O 7. d3 d6 8. a3
Bg4 9. h3 Bd7 10. Rb1 a5 11. Bg5 h6 1/2-1/2

[Event "Capablanca Memorial Premier I 30th"]
[Site "Matanzas"]
[Date "1995.??.??"]
[Round "9"]
[White "Arencibia Rodriguez, Walter"]
[Black "Hernandez Onna, Roman"]
[Result "1/2-1/2"]
[WhiteElo "2485"]
[BlackElo "2435"]
[PlyCount "25"]
[EventDate "1995.05.??"]
[EventType "tourn"]
[EventRounds "13"]
[EventCountry "CUB"]
[EventCategory "8"]
[SourceTitle "CBM 047 ext"]
[Source "ChessBase"]
[SourceDate "1995.09.01"]
[SourceVersion "1"]
[SourceVersionDate "1995.09.01"]
[SourceQuality "1"]

1. d4 d5 2. c4 c6 3. cxd5 cxd5 4. Nc3 Nc6 5. Nf3 Nf6 6. Bf4 Bf5 7. e3 e6 8. Bd3
Bxd3 9. Qxd3 Bd6 10. Bxd6 Qxd6 11. O-O O-O 12. Rac1 Rac8 13. Ne2 1/2-1/2

[Event "Capablanca Memorial Premier I 30th"]
[Site "Matanzas"]
[Date "1995.??.??"]
[Round "12"]
[White "Hernandez Onna, Roman"]
[Black "Mitkov, Nikola"]
[Result "1-0"]
[WhiteElo "2435"]
[BlackElo "2475"]
[PlyCount "83"]
[EventDate "1995.05.??"]
[EventType "tourn"]
[EventRounds "13"]
[EventCountry "CUB"]
[EventCategory "8"]
[SourceTitle "CBM 047 ext"]
[Source "ChessBase"]
[SourceDate "1995.09.01"]
[SourceVersion "1"]
[SourceVersionDate "1995.09.01"]
[SourceQuality "1"]

1. c4 e5 2. Nc3 Nc6 3. g3 f5 4. Bg2 Nf6 5. d3 Bc5 6. e3 O-O 7. Nge2 Qe8 8. a3
d6 9. b4 Bb6 10. Na4 Bd7 11. Nxb6 axb6 12. Bb2 Nd8 13. b5 Ra7 14. O-O Ne6 15.
Qd2 Nc5 16. Rae1 e4 17. Nc1 Qf7 18. Bxf6 Qxf6 19. d4 Ne6 20. f3 exf3 21. Bxf3
Ng5 22. Bg2 Qe7 23. Ne2 Rxa3 24. Nc3 c6 25. Qb2 Rfa8 26. bxc6 bxc6 27. e4 fxe4
28. h4 Nh3+ 29. Kh2 Qe6 30. Rxe4 Qxc4 31. Re7 Rxc3 32. Rxd7 Rc2 33. Qb1 Rca2
34. Qd1 Qe6 35. Rdf7 Rxg2+ 36. Kxg2 Ra2+ 37. Kh1 Nf2+ 38. R1xf2 Qh3+ 39. Kg1
Qxg3+ 40. Kf1 Qh3+ 41. Kg1 Qg4+ 42. Qxg4 1-0

[Event "Bogota op"]
[Site "Bogota"]
[Date "1997.??.??"]
[Round "7"]
[White "Diaz, Ricardo"]
[Black "Hernandez Onna, Roman"]
[Result "1/2-1/2"]
[WhiteElo "2335"]
[BlackElo "2430"]
[PlyCount "42"]
[EventDate "1997.??.??"]
[EventType "swiss"]
[EventRounds "9"]
[EventCountry "COL"]
[SourceTitle "EXT 1999"]
[Source "ChessBase"]
[SourceDate "1998.11.16"]

1. e4 c5 2. Nf3 Nc6 3. d4 cxd4 4. Nxd4 g6 5. Nc3 Bg7 6. Be3 Nf6 7. Bc4 O-O 8.
O-O d6 9. h3 Bd7 10. Re1 a6 11. f4 b5 12. Bd3 Nxd4 13. Bxd4 Bc6 14. a3 Qd7 15.
Qd2 Qb7 16. e5 Nd7 17. Bf1 dxe5 18. fxe5 Rad8 19. Qe3 e6 20. Rad1 Rfe8 21. Na2
a5 1/2-1/2

[Event "Carlos Torre Memorial op 10th"]
[Site "Merida"]
[Date "1997.??.??"]
[Round "3"]
[White "Arencibia Rodriguez, Walter"]
[Black "Hernandez Onna, Roman"]
[Result "1/2-1/2"]
[WhiteElo "2550"]
[BlackElo "2430"]
[PlyCount "68"]
[EventDate "1997.??.??"]
[EventType "swiss"]
[EventRounds "9"]
[EventCountry "MEX"]
[SourceTitle "EXT 1999"]
[Source "ChessBase"]
[SourceDate "1998.11.16"]

1. d4 Nf6 2. Nf3 e6 3. Bg5 d5 4. e3 Be7 5. c4 h6 6. Bxf6 Bxf6 7. Nc3 c6 8. Bd3
Nd7 9. O-O O-O 10. Qc2 g6 11. cxd5 exd5 12. b4 Re8 13. b5 Nf8 14. bxc6 bxc6 15.
Na4 Bg4 16. Nd2 Rc8 17. Nc5 Ne6 18. Nxe6 Bxe6 19. Nb3 Kg7 20. Nc5 Bg4 21. Rab1
Be7 22. Qa4 Bxc5 23. dxc5 Qd7 24. Rb4 h5 25. h3 Be6 26. Rfb1 Qe7 27. Qc2 Qf6
28. Rb7 d4 29. exd4 Bd5 30. Rxa7 Qg5 31. Bf1 Re4 32. Qc3 Rce8 33. a4 Re2 34.
Qg3 Qf5 1/2-1/2

[Event "Carlos Torre Memorial op 10th"]
[Site "Merida"]
[Date "1997.??.??"]
[Round "4"]
[White "Rodriguez Cespedes, Amador"]
[Black "Hernandez Onna, Roman"]
[Result "1/2-1/2"]
[WhiteElo "2545"]
[BlackElo "2430"]
[PlyCount "31"]
[EventDate "1997.??.??"]
[EventType "swiss"]
[EventRounds "9"]
[EventCountry "MEX"]
[SourceTitle "EXT 1999"]
[Source "ChessBase"]
[SourceDate "1998.11.16"]

1. e4 c5 2. Nf3 Nc6 3. d4 Nxd4 4. Nxd4 Qb6 5. Nb3 Nf6 6. Nc3 e6 7. Bd3 a6 8. f4
d6 9. Qe2 Qc7 10. a4 b6 11. O-O Be7 12. Bd2 Bb7 13. Nd1 Nd7 14. Ne3 Ne5 15.
Nxc5 dxc5 16. c3 1/2-1/2

[Event "Carlos Torre Memorial op 10th"]
[Site "Merida"]
[Date "1997.??.??"]
[Round "5"]
[White "Hernandez Onna, Roman"]
[Black "Hernandez, Tania"]
[Result "1/2-1/2"]
[WhiteElo "2430"]
[BlackElo "2210"]
[PlyCount "34"]
[EventDate "1997.??.??"]
[EventType "swiss"]
[EventRounds "9"]
[EventCountry "MEX"]
[SourceTitle "EXT 1999"]
[Source "ChessBase"]
[SourceDate "1998.11.16"]

1. c4 c5 2. Nf3 Nf6 3. Nc3 Nc6 4. g3 g6 5. Bg2 Bg7 6. O-O O-O 7. d3 d6 8. Bg5
h6 9. Bd2 Bd7 10. a3 a6 11. Rb1 Rb8 12. b4 cxb4 13. axb4 b5 14. cxb5 axb5 15.
d4 Bf5 16. d5 Bxb1 17. dxc6 Be4 1/2-1/2

[Event "Carlos Torre Memorial op 10th"]
[Site "Merida"]
[Date "1997.??.??"]
[Round "6"]
[White "Amura, Claudia Noemi"]
[Black "Hernandez Onna, Roman"]
[Result "0-1"]
[WhiteElo "2365"]
[BlackElo "2430"]
[PlyCount "25"]
[EventDate "1997.??.??"]
[EventType "swiss"]
[EventRounds "9"]
[EventCountry "MEX"]
[SourceTitle "EXT 1999"]
[Source "ChessBase"]
[SourceDate "1998.11.16"]

1. d4 Nf6 2. c4 e6 3. Nc3 Bb4 4. Qc2 c5 5. dxc5 Bxc5 6. Nf3 Qb6 7. e3 a6 8. b3
Qc7 9. Bb2 b6 10. Be2 Bb7 11. O-O Ng4 12. e4 Nc6 13. h3 0-1

[Event "Carlos Torre Memorial op 10th"]
[Site "Merida"]
[Date "1997.??.??"]
[Round "8"]
[White "Hernandez Onna, Roman"]
[Black "Navarro Segura, Roberto"]
[Result "1-0"]
[WhiteElo "2430"]
[BlackElo "2335"]
[PlyCount "110"]
[EventDate "1997.??.??"]
[EventType "swiss"]
[EventRounds "9"]
[EventCountry "MEX"]
[SourceTitle "EXT 1999"]
[Source "ChessBase"]
[SourceDate "1998.11.16"]

1. d4 d5 2. Nf3 Nf6 3. c4 dxc4 4. e3 e6 5. Bxc4 a6 6. O-O c5 7. Qe2 Nbd7 8. Rd1
Qc7 9. a4 b6 10. Nc3 Bb7 11. Bd2 Bd6 12. Rac1 O-O 13. dxc5 bxc5 14. h3 Rfd8 15.
Be1 Qc6 16. Qc2 Rac8 17. Be2 Bb8 18. Rd2 Qc7 19. Rcd1 Nf8 20. Rxd8 Rxd8 21.
Rxd8 Qxd8 22. Qd1 Qc7 23. b3 Ng6 24. Kf1 h6 25. Bd2 e5 26. Bc1 e4 27. Ne1 Kh7
28. Bb2 Qh2 29. Bc4 Ne5 30. Nd5 Ne8 31. Qh5 g6 32. Qh4 Bxd5 33. Bxd5 Nd3 34.
Qxe4 Qh1+ 35. Ke2 Qxe1+ 36. Kxd3 Nd6 37. Qf3 Qb1+ 38. Kc3 Bc7 39. b4 cxb4+ 40.
Kb3 Qd3+ 41. Ka2 f5 42. g4 Nc4 43. Bxc4 Qxc4+ 44. Kb1 Qd3+ 45. Ka1 b3 46. Qh1
Qc4 47. Kb1 a5 48. Qd1 Qxa4 49. f3 Bb6 50. Qd6 Bxe3 51. Qd3 Bb6 52. Qc3 Bd4 53.
Qc7+ Kg8 54. Bxd4 Qa2+ 55. Kc1 Qc2+ 1-0

[Event "Collado Villalba op"]
[Site "Villalba"]
[Date "1997.??.??"]
[Round "1"]
[White "Hernandez Onna, Roman"]
[Black "Pardinas Riano, Emilio"]
[Result "1-0"]
[WhiteElo "2430"]
[BlackElo "1950"]
[PlyCount "69"]
[EventDate "1997.??.??"]
[EventType "swiss"]
[EventRounds "9"]
[EventCountry "ESP"]
[SourceTitle "EXT 1999"]
[Source "ChessBase"]
[SourceDate "1998.11.16"]

1. d4 Nf6 2. Nf3 g6 3. c4 Bg7 4. Nc3 d5 5. cxd5 Nxd5 6. e4 Nxc3 7. bxc3 c5 8.
Be2 Nc6 9. d5 Bxc3+ 10. Bd2 Bxa1 11. Qxa1 Nd4 12. Nxd4 cxd4 13. Qxd4 f6 14. O-O
O-O 15. Bh6 Re8 16. h4 a6 17. e5 b5 18. Rd1 Bb7 19. Bg4 Bc8 20. Bf3 Bb7 21. h5
Rc8 22. Qg4 Rc4 23. Qe6+ Kh8 24. Qf7 Rg8 25. exf6 exf6 26. Qxb7 Qd6 27. Qf7 Rc7
28. Qe6 Qxe6 29. dxe6 g5 30. Rd7 Rxd7 31. exd7 Rd8 32. Bc6 Kg8 33. Bd5+ Kh8 34.
Be6 a5 35. f4 1-0

[Event "Collado Villalba op"]
[Site "Villalba"]
[Date "1997.??.??"]
[Round "3"]
[White "Hernandez Onna, Roman"]
[Black "Gomez Gijon, Pedro"]
[Result "1-0"]
[WhiteElo "2430"]
[BlackElo "2190"]
[PlyCount "77"]
[EventDate "1997.??.??"]
[EventType "swiss"]
[EventRounds "9"]
[EventCountry "ESP"]
[SourceTitle "EXT 1999"]
[Source "ChessBase"]
[SourceDate "1998.11.16"]

1. d4 Nf6 2. Nf3 d6 3. Nc3 Nbd7 4. e4 e5 5. Be2 c6 6. O-O Be7 7. a4 a5 8. Re1
O-O 9. Bf1 Re8 10. h3 Qc7 11. Be3 Nf8 12. Nd2 exd4 13. Bxd4 Ne6 14. Be3 d5 15.
exd5 Nxd5 16. Nxd5 cxd5 17. Nf3 Rd8 18. c3 b6 19. Nd4 Bc5 20. Qh5 Nxd4 21. Bxd4
Bxd4 22. cxd4 Be6 23. Bd3 g6 24. Qh6 Qd6 25. h4 Qf8 26. Qf4 Rd6 27. Re5 f6 28.
Re3 Rc8 29. Rae1 Kf7 30. h5 Re8 31. Qg3 f5 32. Bb5 Red8 33. hxg6+ hxg6 34. Qg5
Qe7 35. Qh6 Rg8 36. Qh2 Qd8 37. Rh3 Rg7 38. Rh8 Rg8 39. Qh7+ 1-0

[Event "Collado Villalba op"]
[Site "Villalba"]
[Date "1997.??.??"]
[Round "4"]
[White "Blasco Blasco, Miguel"]
[Black "Hernandez Onna, Roman"]
[Result "1/2-1/2"]
[WhiteElo "2180"]
[BlackElo "2430"]
[PlyCount "87"]
[EventDate "1997.??.??"]
[EventType "swiss"]
[EventRounds "9"]
[EventCountry "ESP"]
[SourceTitle "EXT 1999"]
[Source "ChessBase"]
[SourceDate "1998.11.16"]

1. d4 Nf6 2. c4 e6 3. Nc3 Bb4 4. e3 c5 5. Bd3 Nc6 6. a3 Bxc3+ 7. bxc3 b6 8. Ne2
Ba6 9. e4 Na5 10. e5 Ng8 11. Ng3 Bxc4 12. Ne4 Bxd3 13. Nd6+ Kf8 14. Qxd3 Nb3
15. Bg5 Qxg5 16. Qf3 Qd2+ 17. Kf1 Qc1+ 18. Ke2 Nxd4+ 19. cxd4 Qb2+ 20. Kd3 Qb3+
21. Ke2 Qxf3+ 22. Kxf3 cxd4 23. Ke4 Ne7 24. Kxd4 Nc6+ 25. Ke4 Ke7 26. f4 f6 27.
Ra2 fxe5 28. fxe5 Rhf8 29. Rd1 g5 30. g3 b5 31. Rad2 Rab8 32. Rb1 a6 33. Rbd1
g4 34. h3 Rg8 35. Rf2 Rbf8 36. Rxf8 Rxf8 37. hxg4 Rg8 38. Kf4 Rf8+ 39. Ke4 Rf2
40. Rh1 Re2+ 41. Kf4 Rxe5 42. Ne4 d5 43. Rxh7+ Kf8 44. Nc5 1/2-1/2

[Event "Collado Villalba op"]
[Site "Villalba"]
[Date "1997.??.??"]
[Round "5"]
[White "Hernandez Onna, Roman"]
[Black "Garcia Galeote, Lorenzo"]
[Result "1-0"]
[WhiteElo "2430"]
[BlackElo "2145"]
[PlyCount "93"]
[EventDate "1997.??.??"]
[EventType "swiss"]
[EventRounds "9"]
[EventCountry "ESP"]
[SourceTitle "EXT 1999"]
[Source "ChessBase"]
[SourceDate "1998.11.16"]

1. d4 d5 2. Nf3 Bf5 3. c4 e6 4. Nc3 c6 5. Qb3 Qb6 6. c5 Qxb3 7. axb3 Na6 8. Bd2
Nb4 9. Rc1 Nf6 10. Kd1 Ng4 11. Be1 f6 12. h3 Nh6 13. Na4 Na6 14. e3 Nb8 15. b4
Nd7 16. b5 Be7 17. b4 O-O 18. Nd2 e5 19. Nb3 Rfc8 20. Bc3 Nf7 21. bxc6 bxc6 22.
Ba6 Rc7 23. Na5 Nd8 24. Ra1 Nb8 25. Be2 exd4 26. Bxd4 Bc8 27. Kd2 Na6 28. Rhb1
Rb8 29. Kc3 f5 30. Be5 Bf6 31. Bxf6 gxf6 32. Bxa6 Bxa6 33. Nb3 f4 34. Nd4 fxe3
35. fxe3 Bc8 36. Nb2 Rg7 37. Nd3 Rbb7 38. Nf4 Rg3 39. Kd2 Re7 40. Re1 Rb7 41.
Reb1 Kf7 42. b5 cxb5 43. Nxb5 Kg8 44. Nd6 d4 45. exd4 Rd7 46. Rb8 Bb7 47. Rxa7
1-0

[Event "Collado Villalba op"]
[Site "Villalba"]
[Date "1997.??.??"]
[Round "6"]
[White "Yanvarjov, Igor"]
[Black "Hernandez Onna, Roman"]
[Result "1/2-1/2"]
[WhiteElo "2420"]
[BlackElo "2430"]
[PlyCount "33"]
[EventDate "1997.??.??"]
[EventType "swiss"]
[EventRounds "9"]
[EventCountry "ESP"]
[SourceTitle "EXT 1999"]
[Source "ChessBase"]
[SourceDate "1998.11.16"]

1. d4 Nf6 2. c4 e6 3. Nf3 Bb4+ 4. Bd2 Qe7 5. g3 Nc6 6. Nc3 O-O 7. Bg2 Bxc3 8.
Bxc3 Ne4 9. Qc2 Nxc3 10. Qxc3 d6 11. O-O a5 12. b3 e5 13. d5 Nb8 14. Nd2 Re8
15. Rae1 Nd7 16. f4 Nf6 17. e4 1/2-1/2

[Event "Collado Villalba op"]
[Site "Villalba"]
[Date "1997.??.??"]
[Round "7"]
[White "Hernandez Onna, Roman"]
[Black "Suba, Mihai"]
[Result "0-1"]
[WhiteElo "2430"]
[BlackElo "2535"]
[PlyCount "122"]
[EventDate "1997.??.??"]
[EventType "swiss"]
[EventRounds "9"]
[EventCountry "ESP"]
[SourceTitle "EXT 1999"]
[Source "ChessBase"]
[SourceDate "1998.11.16"]

1. d4 Nf6 2. Nf3 e6 3. c4 c5 4. e3 cxd4 5. exd4 b6 6. Bd3 Bb7 7. O-O Be7 8. Nc3
d5 9. cxd5 Nxd5 10. Re1 Nd7 11. a3 O-O 12. Ne4 N5f6 13. Nc3 a6 14. Bf4 b5 15.
Qe2 Nb6 16. Rad1 Nbd5 17. Nxd5 Qxd5 18. Be5 Rfc8 19. Qe3 Nh5 20. h3 g6 21. Bf1
Rc2 22. Rc1 Rxb2 23. Rc7 Rb3 24. Qd2 Bxa3 25. Ng5 Bb4 26. Qc1 Bxe1 27. Rxf7 Rc8
28. Qxe1 h6 29. Rh7 hxg5 30. Rh8+ Kf7 31. Rh7+ Ke8 32. Rh8+ Kd7 33. Rh7+ Kc6
34. Qa5 Qd8 35. Qa2 Kb6 36. Qxb3 Qd5 37. Qe3 Nf4 38. Bxf4 gxf4 39. Qxf4 b4 40.
Qd2 Rc4 41. Rh4 e5 42. Rg4 Rxd4 43. Rxg6+ Ka7 44. Qb2 Qc5 45. Rg7 Rd1 46. Qe2
Ra1 47. Kh2 Qd4 48. g3 e4 49. Rxb7+ Kxb7 50. Bg2 b3 51. Bxe4+ Kb6 52. Kg2 b2
53. Qg4 Re1 54. Qe6+ Ka5 55. Qa2+ Kb4 56. Bc2 Kc3 57. Qb3+ Kd2 58. Bf5 Rc1 59.
g4 a5 60. Qa2 a4 61. h4 Ra1 0-1

[Event "Faro op"]
[Site "Algarve"]
[Date "1997.??.??"]
[Round "4"]
[White "Lukov, Valentin"]
[Black "Hernandez Onna, Roman"]
[Result "1/2-1/2"]
[WhiteElo "2475"]
[BlackElo "2430"]
[PlyCount "74"]
[EventDate "1997.??.??"]
[EventType "swiss"]
[EventRounds "8"]
[EventCountry "POR"]
[SourceTitle "EXT 1998"]
[Source "ChessBase"]
[SourceDate "1997.11.17"]

1. Nf3 c5 2. c4 Nf6 3. g3 Nc6 4. Bg2 g6 5. O-O Bg7 6. d4 cxd4 7. Nxd4 Nxd4 8.
Qxd4 d6 9. Nc3 O-O 10. Qd3 Qa5 11. Bd2 Qh5 12. b3 Bh3 13. f3 Bxg2 14. Kxg2 Qc5
15. Rac1 Rfc8 16. e4 a6 17. Rfe1 e6 18. Na4 Qc6 19. Be3 Nd7 20. Red1 Be5 21.
Bd4 Bxd4 22. Qxd4 Nc5 23. Nc3 Qb6 24. Qxd6 Qa5 25. Qd2 b5 26. Ne2 b4 27. Nf4
Qb6 28. Nd3 a5 29. Nxc5 Qxc5 30. Qd4 Qg5 31. h4 Qe7 32. c5 Rc6 33. Rc2 Rac8 34.
Rdc1 e5 35. Qd5 Kg7 36. Rc4 h5 37. R1c2 R8c7 1/2-1/2

[Event "Faro op"]
[Site "Algarve"]
[Date "1997.??.??"]
[Round "6"]
[White "Lanka, Zigurds"]
[Black "Hernandez Onna, Roman"]
[Result "1-0"]
[WhiteElo "2565"]
[BlackElo "2430"]
[PlyCount "97"]
[EventDate "1997.??.??"]
[EventType "swiss"]
[EventRounds "8"]
[EventCountry "POR"]
[SourceTitle "EXT 1998"]
[Source "ChessBase"]
[SourceDate "1997.11.17"]

1. e4 c5 2. Nf3 Nc6 3. d4 cxd4 4. Nxd4 g6 5. Nc3 Bg7 6. Be3 Nf6 7. Bc4 O-O 8.
Bb3 d6 9. f3 Bd7 10. h4 a5 11. a4 Rc8 12. Qd2 Ne5 13. O-O-O Nc4 14. Bxc4 Rxc4
15. b3 Rb4 16. Na2 Rxd4 17. Bxd4 Qc7 18. Kb1 b5 19. axb5 Bxb5 20. h5 Rb8 21.
hxg6 hxg6 22. g4 a4 23. g5 Nh5 24. Bxg7 Kxg7 25. Ka1 Kg8 26. Rb1 Ra8 27. b4 Rc8
28. c3 Bc4 29. Rbc1 e5 30. Rh2 Kg7 31. Qe3 Qe7 32. Rch1 Qc7 33. Rb1 Qe7 34. b5
Nf4 35. b6 Rb8 36. Nb4 Qb7 37. Rbh1 Nh5 38. f4 Qxb6 39. Qxb6 Rxb6 40. f5 Kf8
41. f6 Ke8 42. Rxh5 gxh5 43. Rxh5 Kd7 44. Rh8 d5 45. exd5 a3 46. Rf8 Kd6 47.
Rc8 Bb3 48. g6 Kd7 49. gxf7 1-0

[Event "Mondariz op"]
[Site "Mondariz"]
[Date "1997.??.??"]
[Round "?"]
[White "Gulko, Boris F"]
[Black "Hernandez Onna, Roman"]
[Result "0-1"]
[WhiteElo "2580"]
[BlackElo "2430"]
[PlyCount "76"]
[EventDate "1997.??.??"]
[EventType "swiss"]
[EventRounds "9"]
[EventCountry "ESP"]
[SourceTitle "EXT 1999"]
[Source "ChessBase"]
[SourceDate "1998.11.16"]

1. d4 Nf6 2. c4 e6 3. Nc3 Bb4 4. e3 c5 5. Bd3 Nc6 6. Nf3 Bxc3+ 7. bxc3 d6 8.
O-O Qe7 9. e4 e5 10. d5 Nd8 11. h3 g6 12. Kh2 Nh5 13. g3 f6 14. Nh4 Nf7 15. Nf5
gxf5 16. Qxh5 fxe4 17. Bxe4 Bd7 18. a4 O-O-O 19. a5 Kb8 20. Ra2 Rhg8 21. Rb2
Bc8 22. Be3 Rg7 23. Rfb1 Ng5 24. Bg2 f5 25. h4 Ne4 26. Bxe4 fxe4 27. Bg5 Qe8
28. Qe2 Rdd7 29. Qxe4 Rdf7 30. Qe2 Qd7 31. Kg1 Qh3 32. a6 b6 33. Rxb6+ axb6 34.
Qb2 Bxa6 35. Qxb6+ Rb7 36. Qxd6+ Rgc7 37. Qf8+ Rc8 38. Bd8 Rxb1# 0-1

[Event "Mondariz op"]
[Site "Mondariz"]
[Date "1997.??.??"]
[Round "?"]
[White "Hernandez Onna, Roman"]
[Black "San Segundo Carrillo, Pablo"]
[Result "1/2-1/2"]
[WhiteElo "2430"]
[BlackElo "2495"]
[PlyCount "61"]
[EventDate "1997.??.??"]
[EventType "swiss"]
[EventRounds "9"]
[EventCountry "ESP"]
[SourceTitle "EXT 1999"]
[Source "ChessBase"]
[SourceDate "1998.11.16"]

1. c4 Nf6 2. Nc3 g6 3. e4 d6 4. d4 Bg7 5. Nf3 O-O 6. Be2 Bg4 7. Be3 Nfd7 8. Rc1
a6 9. O-O c5 10. d5 Bxf3 11. Bxf3 b5 12. b3 Qa5 13. Bd2 b4 14. Na4 Nb6 15. Nxb6
Qxb6 16. Bg5 Re8 17. Bg4 Qc7 18. f4 Bd4+ 19. Kh1 Kg7 20. Qf3 f6 21. Qh3 h5 22.
Be6 Ra7 23. Bh4 Rh8 24. Rf3 Nd7 25. Rcf1 Nf8 26. Bf2 Nxe6 27. dxe6 Bxf2 28.
R3xf2 Qc8 29. Rd2 a5 30. f5 g5 31. Qe3 1/2-1/2

[Event "Mondariz op"]
[Site "Mondariz"]
[Date "1997.??.??"]
[Round "?"]
[White "Hernandez Onna, Roman"]
[Black "Sanchez Quiroga, Miguel Angel"]
[Result "1-0"]
[WhiteElo "2430"]
[BlackElo "2215"]
[PlyCount "81"]
[EventDate "1997.??.??"]
[EventType "swiss"]
[EventRounds "9"]
[EventCountry "ESP"]
[SourceTitle "EXT 1999"]
[Source "ChessBase"]
[SourceDate "1998.11.16"]

1. d4 d5 2. Nf3 Nf6 3. c4 c6 4. e3 e6 5. Nbd2 Nbd7 6. Bd3 Be7 7. O-O O-O 8. Qe2
c5 9. b3 b6 10. Bb2 Bb7 11. Rad1 Qc7 12. Ne5 dxc4 13. bxc4 cxd4 14. Nxd7 Qxd7
15. exd4 Qc6 16. f4 Bd6 17. Nf3 Bxf4 18. d5 exd5 19. Nd4 Qd6 20. Nf5 Bxh2+ 21.
Kh1 Rfe8 22. Nxd6 Rxe2 23. Bxe2 Bxd6 24. Bxf6 gxf6 25. Rxf6 Be5 26. Rf5 Re8 27.
cxd5 f6 28. Bf3 Bc8 29. Rh5 Bd6 30. Rh4 Bd7 31. Bg4 f5 32. Bh3 b5 33. Rh5 Re5
34. Rf1 Rxd5 35. Bxf5 Bxf5 36. Rhxf5 Rxf5 37. Rxf5 b4 38. Ra5 Bb8 39. Ra4 a5
40. Rxa5 Bd6 41. Ra7 1-0

[Event "Mondariz op"]
[Site "Mondariz"]
[Date "1997.??.??"]
[Round "?"]
[White "Ibanez Aullana, Jose Ramon"]
[Black "Hernandez Onna, Roman"]
[Result "1-0"]
[WhiteElo "2215"]
[BlackElo "2430"]
[PlyCount "64"]
[EventDate "1997.??.??"]
[EventType "swiss"]
[EventRounds "9"]
[EventCountry "ESP"]
[SourceTitle "EXT 1999"]
[Source "ChessBase"]
[SourceDate "1998.11.16"]

1. e4 c5 2. Nf3 Nc6 3. c3 d6 4. d4 Nf6 5. Bd3 g6 6. h3 Bg7 7. O-O O-O 8. Re1 a6
9. Bf1 Bd7 10. e5 dxe5 11. dxe5 Ne8 12. Bf4 Nc7 13. Nbd2 Ne6 14. Bh2 b5 15. Ne4
Qb6 16. a4 Rfd8 17. axb5 axb5 18. Rxa8 Rxa8 19. Nfg5 Rd8 20. Qf3 Rf8 21. Nxe6
Bxe6 22. Qe3 Na5 23. Qxc5 Qb7 24. Qb4 Qb6 25. Nc5 Rb8 26. Nxe6 fxe6 27. h4 Nc6
28. Qg4 Nd8 29. h5 gxh5 30. Qxh5 Nf7 31. Bd3 h6 32. Qg6 Ng5 1-0

[Event "Mondariz op"]
[Site "Mondariz"]
[Date "1997.??.??"]
[Round "?"]
[White "Lanka, Zigurds"]
[Black "Hernandez Onna, Roman"]
[Result "1/2-1/2"]
[WhiteElo "2565"]
[BlackElo "2430"]
[PlyCount "85"]
[EventDate "1997.??.??"]
[EventType "swiss"]
[EventRounds "9"]
[EventCountry "ESP"]
[SourceTitle "EXT 1999"]
[Source "ChessBase"]
[SourceDate "1998.11.16"]

1. e4 c5 2. Nf3 Nc6 3. d4 cxd4 4. Nxd4 g6 5. Nc3 Bg7 6. Be3 Nf6 7. Bc4 O-O 8.
Bb3 d6 9. f3 Bd7 10. h4 a5 11. a4 Rc8 12. Qd2 Ne5 13. Bh6 Bxh6 14. Qxh6 Rxc3
15. bxc3 Qc7 16. Qe3 Rc8 17. Ne2 b6 18. O-O Qc5 19. Qd4 Rc7 20. Rad1 Bc8 21.
Rfe1 Ba6 22. Nf4 h5 23. Kh1 Kg7 24. Re3 Nc6 25. Qd2 Ne5 26. Qe1 b5 27. Nd3 Nxd3
28. cxd3 Qxc3 29. axb5 Bxb5 30. d4 Qxe1+ 31. Rdxe1 a4 32. Ba2 e6 33. Rb1 Bd7
34. Re2 d5 35. e5 Ng8 36. Reb2 Bc8 37. Rb4 Ra7 38. Ra1 Ne7 39. Bb3 Bd7 40. Bxa4
Nf5 41. Ra2 Bxa4 42. Raxa4 Rc7 43. Kh2 1/2-1/2

[Event "Guillermo Garcia Memorial-A 05th"]
[Site "Santa Clara"]
[Date "1997.??.??"]
[Round "?"]
[White "Rohl Montes, Juan Armando"]
[Black "Hernandez Onna, Roman"]
[Result "1/2-1/2"]
[WhiteElo "2415"]
[BlackElo "2430"]
[PlyCount "57"]
[EventDate "1997.05.??"]
[EventType "tourn"]
[EventRounds "17"]
[EventCountry "CUB"]
[EventCategory "8"]
[SourceTitle "EXT 2006"]
[Source "ChessBase"]
[SourceDate "2005.11.24"]
[SourceVersion "1"]
[SourceVersionDate "2005.11.24"]
[SourceQuality "1"]

1. e4 c5 2. Nf3 Nc6 3. b3 d6 4. Bb5 Bd7 5. c4 g6 6. Bb2 e5 7. O-O Nf6 8. d3 Bg7
9. Bxc6 bxc6 10. Ne1 O-O 11. Nc3 Qe7 12. Ne2 a5 13. Nc2 d5 14. Nc3 d4 15. Na4
Be6 16. Ba3 Nd7 17. Qd2 Rfe8 18. Rae1 Bf8 19. f4 Bh6 20. Qf2 f6 21. f5 Bf7 22.
Kh1 Ra7 23. g4 g5 24. Kg2 Rb8 25. Rh1 Be8 26. Kf3 Bf8 27. Reg1 Rb4 28. h4 h6
29. hxg5 1/2-1/2

[Event "Capablanca Memorial Premier II 32nd"]
[Site "Cienfuegos"]
[Date "1997.??.??"]
[Round "2"]
[White "Alvarez, Jose"]
[Black "Hernandez Onna, Roman"]
[Result "1/2-1/2"]
[WhiteElo "2405"]
[BlackElo "2430"]
[PlyCount "27"]
[EventDate "1997.05.05"]
[EventType "tourn"]
[EventRounds "13"]
[EventCountry "CUB"]
[EventCategory "8"]
[SourceTitle "CBM 058 ext"]
[Source "ChessBase"]
[SourceDate "1997.07.29"]
[SourceVersion "1"]
[SourceVersionDate "1997.07.29"]
[SourceQuality "1"]

1. d4 Nf6 2. Nf3 g6 3. Bg5 Bg7 4. Nbd2 d6 5. e4 O-O 6. Bd3 c5 7. c3 cxd4 8.
cxd4 Nc6 9. O-O h6 10. Bxf6 Bxf6 11. d5 Nb4 12. Bc4 Bg4 13. h3 Bxf3 14. Nxf3
1/2-1/2

[Event "Capablanca Memorial Premier II 32nd"]
[Site "Cienfuegos"]
[Date "1997.??.??"]
[Round "4"]
[White "Lopez, C.."]
[Black "Hernandez Onna, Roman"]
[Result "0-1"]
[WhiteElo "2400"]
[BlackElo "2430"]
[PlyCount "57"]
[EventDate "1997.05.05"]
[EventType "tourn"]
[EventRounds "13"]
[EventCountry "CUB"]
[EventCategory "8"]
[SourceTitle "CBM 058 ext"]
[Source "ChessBase"]
[SourceDate "1997.07.29"]
[SourceVersion "1"]
[SourceVersionDate "1997.07.29"]
[SourceQuality "1"]

1. e4 d6 2. d4 Nf6 3. Nc3 g6 4. f4 Bg7 5. Nf3 O-O 6. Bd3 Na6 7. O-O c5 8. d5
Nc7 9. a4 a6 10. Qe1 Rb8 11. a5 b5 12. axb6 Rxb6 13. Qh4 Rb4 14. Na2 Rxe4 15.
Bxe4 Nxe4 16. c4 e6 17. Qxd8 Rxd8 18. Rd1 exd5 19. cxd5 Bb7 20. Bd2 Nxd5 21.
Ba5 Rd7 22. Rab1 Nxf4 23. Kf1 Bc6 24. Re1 Bb5+ 25. Kg1 Ne2+ 26. Kf1 N2c3+ 27.
Kg1 Nxb1 28. Rxe4 Bxb2 29. Re8+ 0-1